000 00332nam a2200121 i 4500
001 bg
245 0 _aWybrane problemy modelowania i cyfrowego przetwarzania sygnałów w metrologii i technice regulacji.
260 _aSzczecin,
_c1990.
040 _cBPK
041 _apol
942 _cKS
008 s pl f |000 0 pol
999 _c29420
_d29420
856 _uhttp://koha.tu.koszalin.pl/cgi-bin/koha/opac-detail.pl?biblionumber=29420
_yKatalog online BPK